000 00768caa a22002417a 4500
999 _c407949
_d407949
001 121975
003 UA-OsUOA
005 20200102224317.0
007 ta
008 20170407b un ||||| |||| 00| 0 ukr d
040 _aUA-OsUOA
_bukr
_cUA-OsUOA
_dUA-OsUOA
041 _aukr
080 _a908
090 _a908
_bМ74
100 _aМогила П.
245 _a[Про загибель роду Острозьких]
_cП. Могила
300 _aС. 196–200
650 7 _a908 Краєзнавство
_2UDC
773 0 _0344355
_9372283
_dК. Либідь 2008
_o119295
_tКорені та парості
_w(UA-OsUOA) 58291
_z978-966-06-0527-5
942 _cBKA
_2udc
955 _a1